GST and customs law (Record no. 396973)

MARC details
000 -LEADER
fixed length control field 00537 a2200205 4500
005 - DATE & TIME
control field 20260401114327.0
008 - FIXED-LENGTH DATA ELEMENTS--GENERAL INFORMATION
fixed length control field 260325b |||||||| |||| 00| 0 eng d
020 ## - ISBN
International Standard Book Number 9789375618720
Price Rs. 795.00
040 ## - CATALOGING SOURCE
Original cataloging agency IMSAR Library
082 ## - DDC NUMBER
Classification number 336.278
Book Number B227G(13)
100 ## - MAIN ENTRY--PERSONAL NAME
Personal name Bansal, K M
245 ## - TITLE STATEMENT
Title GST and customs law
250 ## - EDITION STATEMENT
Edition statement 13th
260 ## - PUBLICATION, DISTRIBUTION, ETC. (IMPRINT)
Name of publisher, distributor, etc Taxmann Publications
Date of publication, distribution, etc 2026
Place of publication, distribution, etc New Delhi
300 ## - PHYSICAL DESCRIPTION
Pages v.
650 ## - Subject
Subject Goods and Services Tax-India
650 ## - Subject
Subject Customs Law-India
650 ## - Subject
Subject Customs Administration-Law
942 ## - ADDED ENTRY ELEMENTS (KOHA)
Koha item type Books
Holdings
Withdrawn status Lost status Source of classification or shelving scheme Damaged status Not for loan Location (home branch) Sublocation or collection (holding branch) Shelving location Date acquired Koha issues (times borrowed) Koha full call number Accession No. Koha date last seen Koha item type
    Dewey Decimal Classification     VIVEKANANDA LIBRARY VIVEKANANDA LIBRARY IMSAR Library 23/02/2026   336.278 B227G(13) 420908 23/02/2026 Books
    Dewey Decimal Classification     VIVEKANANDA LIBRARY VIVEKANANDA LIBRARY IMSAR Library 23/02/2026   336.278 B227G(13) 420911 23/02/2026 Books
    Dewey Decimal Classification     VIVEKANANDA LIBRARY VIVEKANANDA LIBRARY IMSAR Library 23/02/2026   336.278 B227G(13) 420909 23/02/2026 Books
    Dewey Decimal Classification     VIVEKANANDA LIBRARY VIVEKANANDA LIBRARY IMSAR Library 23/02/2026   336.278 B227G(13) 420910 23/02/2026 Books
    Dewey Decimal Classification     VIVEKANANDA LIBRARY VIVEKANANDA LIBRARY IMSAR Library 23/02/2026   336.278 B227G(13) 420912 23/02/2026 Books
© Designed and Maintained by Vivekananda Library, MDU Rohtak